[Event "Buenos Aires Duchamp Boca op 3rd"]
[Site "Buenos Aires"]
[Date "2013.06.26"]
[Round "6"]
[White "Giardelli, Sergio Carlos"]
[Black "Abarca Gonzalez, Nicolas"]
[Result "1/2-1/2"]
[WhiteElo "2344"]
[BlackElo "2265"]
[PlyCount "57"]
[EventDate "2013.06.20"]
[EventType "swiss"]
[EventRounds "9"]
[EventCountry "ARG"]
[SourceTitle "CBM 155 Extra"]
[Source "ChessBase"]
[SourceDate "2013.08.26"]
[SourceVersion "1"]
[SourceVersionDate "2013.08.26"]
[SourceQuality "1"]

1. c4 d6 2. g3 g6 3. Nc3 Bg7 4. Bg2 e5 5. d3 f5 6. e3 Nf6 7. Nge2 0-0 8. 0-0 Nc6 9. Rb1 Be6 10. Nd5 g5 11. f4 h6 12. b4 Qd7 13. b5 Nd8 14. Qd2 c6 15. bxc6 bxc6 16. Nxf6+ Bxf6 17. Bh3 Rf7 18. Qb4 Be7 19. Qa4 gxf4 20. exf4 Rg7 21. Re1 Bf6 22. Qb4 Nf7 23. Qb7 Qxb7 24. Rxb7 e4 25. dxe4 Bxc4 26. Bb2 Bxb2 27. Rxb2 fxe4 28. Nd4 d5 29. Ne6 1/2-1/2

[Event "Buenos Aires Duchamp Boca op 3rd"]
[Site "Buenos Aires"]
[Date "2013.06.25"]
[Round "5"]
[White "Alonso, Salvador"]
[Black "Giardelli, Sergio Carlos"]
[Result "1/2-1/2"]
[WhiteElo "2506"]
[BlackElo "2344"]
[PlyCount "44"]
[EventDate "2013.06.20"]
[EventType "swiss"]
[EventRounds "9"]
[EventCountry "ARG"]
[SourceTitle "CBM 155 Extra"]
[Source "ChessBase"]
[SourceDate "2013.08.26"]
[SourceVersion "1"]
[SourceVersionDate "2013.08.26"]
[SourceQuality "1"]

1. e4 c5 2. Nf3 e6 3. d4 cxd4 4. Nxd4 a6 5. Nc3 Qc7 6. Bd3 Nf6 7. 0-0 Bc5 8. Nb3 Be7 9. f4 d6 10. Qe2 Nc6 11. Kh1 0-0 12. Bd2 Nd7 13. Rae1 b5 14. Nd5 exd5 15. exd5 Nce5 16. fxe5 Nxe5 17. Nd4 Bd7 18. Qh5 g6 19. Qh6 f5 20. Bc3 Bf6 21. Nf3 Rae8 22. Nxe5 dxe5 1/2-1/2

[Event "Buenos Aires Duchamp Boca op 3rd"]
[Site "Buenos Aires"]
[Date "2013.06.23"]
[Round "3"]
[White "Giampa, Alejandro"]
[Black "Giardelli, Sergio Carlos"]
[Result "0-1"]
[WhiteElo "2219"]
[BlackElo "2344"]
[PlyCount "68"]
[EventDate "2013.06.20"]
[EventType "swiss"]
[EventRounds "9"]
[EventCountry "ARG"]
[SourceTitle "CBM 155 Extra"]
[Source "ChessBase"]
[SourceDate "2013.08.26"]
[SourceVersion "1"]
[SourceVersionDate "2013.08.26"]
[SourceQuality "1"]

1. b3 d5 2. Bb2 Nf6 3. Nf3 c6 4. c4 Bg4 5. e3 e6 6. Be2 Be7 7. Nc3 0-0 8. 0-0 Nbd7 9. cxd5 exd5 10. Nd4 Bxe2 11. Ncxe2 Re8 12. Nf5 Bf8 13. Qc2 g6 14. Nfg3 Bg7 15. Bc3 a5 16. a3 c5 17. d4 Rc8 18. Qb2 h5 19. Rfd1 h4 20. Nf1 Ne4 21. Be1 h3 22. gxh3 cxd4 23. exd4 Ng5 24. Kg2 Nc5 25. h4 Nge4 26. f3 Nd6 27. Nc3 Ne6 28. Ne2 Nf5 29. Rd3 Nxh4+ 30. Kh1 Qf6 31. Nfg3 Nxf3 32. Bc3 Nh4 33. Bxa5 Qf2 34. Rg1 Nf4 0-1

[Event "Buenos Aires Duchamp Boca op 3rd"]
[Site "Buenos Aires"]
[Date "2013.06.20"]
[Round "1"]
[White "Besso, Guadalupe"]
[Black "Giardelli, Sergio Carlos"]
[Result "0-1"]
[WhiteElo "1861"]
[BlackElo "2344"]
[PlyCount "68"]
[EventDate "2013.06.20"]
[EventType "swiss"]
[EventRounds "9"]
[EventCountry "ARG"]
[SourceTitle "CBM 155 Extra"]
[Source "ChessBase"]
[SourceDate "2013.08.26"]
[SourceVersion "1"]
[SourceVersionDate "2013.08.26"]
[SourceQuality "1"]

1. d4 Nf6 2. c4 e6 3. Nc3 Bb4 4. f3 Nc6 5. a3 Bxc3+ 6. bxc3 e5 7. d5 Na5 8. Qa4 b6 9. c5 e4 10. cxb6 axb6 11. Qb4 d6 12. Bg5 0-0 13. fxe4 Re8 14. e3 Bd7 15. Bd3 Nb7 16. Ne2 h6 17. Bxf6 Qxf6 18. Qd4 Re5 19. Ng3 Nc5 20. Bc2 Ba4 21. Rc1 Bxc2 22. Rxc2 Rxa3 23. Ke2 Qg6 24. Kf3 Ra4 25. c4 Nxe4 26. Qd3 Qf6+ 27. Ke2 Qf2+ 28. Kd1 Ra1+ 29. Rc1 Rxc1+ 30. Kxc1 Nxg3 31. hxg3 Rxe3 32. Qd2 Qxd2+ 33. Kxd2 Rxg3 34. Rh2 Kf8 0-1

[Event "ARG-ch 87th"]
[Site "Villa Martelli"]
[Date "2013.04.05"]
[Round "3"]
[White "Mareco, Sandro"]
[Black "Giardelli, Sergio Carlos"]
[Result "1-0"]
[WhiteElo "2580"]
[BlackElo "2346"]
[PlyCount "83"]
[EventDate "2013.04.03"]
[EventType "swiss"]
[EventRounds "11"]
[EventCountry "ARG"]
[SourceTitle "CBM 153 Extra"]
[Source "ChessBase"]
[SourceDate "2013.04.22"]
[SourceVersion "1"]
[SourceVersionDate "2013.04.22"]
[SourceQuality "1"]

1. d4 Nf6 2. c4 e6 3. g3 Bb4+ 4. Bd2 Bxd2+ 5. Qxd2 d5 6. Nf3 0-0 7. Bg2 dxc4 8. Na3 Bd7 9. Nxc4 Bc6 10. 0-0 Be4 11. Qf4 Bd5 12. Rac1 Nc6 13. Rfe1 Ne7 14. Ncd2 Rc8 15. e4 Bc6 16. Qe3 Ng6 17. Qc3 Qe7 18. Ne5 Nxe5 19. dxe5 Nd7 20. b3 Rfd8 21. Nf1 Bb5 22. Ne3 b6 23. a4 Ba6 24. b4 h6 25. f4 Bb7 26. Nc4 Nb8 27. f5 Na6 28. Rb1 Qd7 29. fxe6 Qxe6 30. Bf1 Qd7 31. Ne3 Qd4 32. Qxd4 Rxd4 33. Nf5 Rd7 34. Bb5 c6 35. Bc4 Nc7 36. Nd6 Rb8 37. Rf1 Re7 38. Rxf7 Rxf7 39. Bxf7+ Kh7 40. Rc1 g5 41. e6 Bc8 42. Rxc6 1-0

[Event "ARG-ch 87th"]
[Site "Villa Martelli"]
[Date "2013.04.04"]
[Round "2"]
[White "Giardelli, Sergio Carlos"]
[Black "Lorenzini, Martin"]
[Result "1/2-1/2"]
[WhiteElo "2346"]
[BlackElo "2488"]
[PlyCount "68"]
[EventDate "2013.04.03"]
[EventType "swiss"]
[EventRounds "11"]
[EventCountry "ARG"]
[SourceTitle "CBM 153 Extra"]
[Source "ChessBase"]
[SourceDate "2013.04.22"]
[SourceVersion "1"]
[SourceVersionDate "2013.04.22"]
[SourceQuality "1"]

1. c4 Nf6 2. Nf3 e6 3. g3 d5 4. Bg2 dxc4 5. Qa4+ c6 6. Qxc4 b5 7. Qc2 Bb7 8. d4 Nbd7 9. 0-0 c5 10. Bg5 Rc8 11. Qb3 a6 12. Nbd2 Be7 13. a4 Qb6 14. axb5 axb5 15. Ne5 Bxg2 16. Kxg2 cxd4 17. Nxd7 Nxd7 18. Bxe7 Kxe7 19. Qb4+ Qc5 20. Qxc5+ Rxc5 21. Nb3 Rc4 22. Ra7 Rd8 23. Rd1 e5 24. Na5 Rc2 25. b4 Rdc8 26. e3 Rb2 27. exd4 Rcc2 28. dxe5 Rxf2+ 29. Kh3 Rxh2+ 30. Kg4 Rhd2 31. Nc6+ Ke6 32. Nd8+ Ke7 33. Nc6+ Ke6 34. Nd8+ Ke7 1/2-1/2

[Event "Mar del Plata op 42nd"]
[Site "Mar del Plata"]
[Date "2011.04.17"]
[Round "3"]
[White "Gimenez, Dante"]
[Black "Giardelli, Sergio Carlos"]
[Result "1/2-1/2"]
[WhiteElo "2072"]
[BlackElo "2345"]
[PlyCount "81"]
[EventDate "2011.04.16"]
[EventType "swiss"]
[EventRounds "9"]
[EventCountry "ARG"]
[SourceTitle "EXT 2012"]
[Source "ChessBase"]
[SourceDate "2011.11.24"]
[SourceVersion "1"]
[SourceVersionDate "2011.11.24"]
[SourceQuality "1"]

1. d4 Nf6 2. c4 c5 3. d5 b5 4. cxb5 a6 5. bxa6 g6 6. Nc3 Bxa6 7. g3 d6 8. Bg2 Bg7 9. Nh3 0-0 10. 0-0 Nbd7 11. Bd2 Qb6 12. Rb1 Rfb8 13. b3 Ra7 14. a4 Qd8 15. Qc2 Qf8 16. Rfd1 Ne8 17. Be1 Nc7 18. Nf4 Ne5 19. f3 Bc8 20. Nd3 Bd7 21. Nxe5 Bxe5 22. e4 Qg7 23. Ne2 Na6 24. Bc3 f5 25. Bxe5 Qxe5 26. f4 Qf6 27. Qc3 Qxc3 28. Nxc3 Rab7 29. Bf1 Nc7 30. Bc4 fxe4 31. Nxe4 Kg7 32. Rbc1 Na8 33. Re1 Nb6 34. Ng5 Bf5 35. Bb5 Ra7 36. Bc6 h6 37. Ne4 Nc8 38. Bb5 Rab7 39. Nc3 Kf7 40. Re3 Bd7 41. Bc4 1/2-1/2

[Event "Curitiba"]
[Site "Curitiba"]
[Date "2009.02.04"]
[Round "4"]
[White "Gonzalez, Bolivar Ribeiro"]
[Black "Giardelli, Sergio Carlos"]
[Result "1-0"]
[WhiteElo "2269"]
[BlackElo "2378"]
[PlyCount "75"]
[EventDate "2009.02.02"]
[EventType "tourn"]
[EventRounds "10"]
[EventCountry "BRA"]
[EventCategory "4"]
[SourceTitle "CBM 128 Extra"]
[Source "ChessBase"]
[SourceDate "2009.03.05"]
[SourceVersion "2"]
[SourceVersionDate "2009.03.25"]
[SourceQuality "1"]

1. e4 c5 2. Nf3 e6 3. d4 cxd4 4. Nxd4 a6 5. c4 Nf6 6. Nc3 d6 7. Be2 b6 8. 0-0 Bb7 9. f3 Be7 10. Be3 0-0 11. Rc1 Re8 12. b4 Nbd7 13. Qb3 Qc7 14. Rfd1 Rac8 15. a3 Qb8 16. Bf2 Bd8 17. Bf1 Bc7 18. g3 g5 19. Bg2 Qa8 20. h3 Kh8 21. Nc2 Rg8 22. Ne3 h5 23. Qb2 Rg7 24. g4 Qb8 25. Ne2 b5 26. cxb5 axb5 27. Nd4 d5 28. exd5 Bh2+ 29. Kh1 Rxc1 30. Qxc1 Nxd5 31. Nxd5 Bxd5 32. Nf5 hxg4 33. Rxd5 exd5 34. Nxg7 Bf4 35. Qc6 Kxg7 36. Qxd7 Qe5 37. Qa7 gxh3 38. Bd4 1-0

[Event "ARG-chT"]
[Site "Villa Martelli"]
[Date "2008.09.13"]
[Round "6"]
[White "Giardelli, Sergio Carlos"]
[Black "Mareco, Sandro"]
[Result "0-1"]
[WhiteElo "2378"]
[BlackElo "2477"]
[PlyCount "80"]
[EventDate "2008.08.09"]
[EventType "team-tourn"]
[EventRounds "9"]
[EventCountry "ARG"]
[SourceTitle "EXT 2009"]
[Source "ChessBase"]
[SourceDate "2008.11.26"]
[SourceVersion "1"]
[SourceVersionDate "2008.11.26"]
[SourceQuality "1"]

1. c4 Nf6 2. Nf3 e6 3. g3 d5 4. Bg2 dxc4 5. Qa4+ c6 6. Qxc4 b5 7. Qc2 Bb7 8. 0-0 Nbd7 9. b3 c5 10. Bb2 Be7 11. d3 0-0 12. Nbd2 Nd5 13. Rac1 Rc8 14. a3 Bf6 15. Ne4 Bxb2 16. Qxb2 Qe7 17. Rc2 e5 18. Ned2 N5b6 19. Rfc1 f5 20. Nxe5 Bxg2 21. Nxd7 Nxd7 22. Kxg2 Qxe2 23. Nf3 Qe6 24. b4 f4 25. Qa2 c4 26. dxc4 bxc4 27. Re2 Qf7 28. g4 Kh8 29. h3 Nb6 30. a4 a6 31. Re4 Qb7 32. Qe2 Nd5 33. Re5 Nxb4 34. Rxc4 Rxc4 35. Qxc4 h6 36. g5 Rd8 37. Rc5 Nd3 38. Rc7 Ne1+ 39. Kf1 Nxf3 40. Qxf4 Rd1+ 0-1

[Event "ARG-chT"]
[Site "Villa Martelli"]
[Date "2008.08.23"]
[Round "3"]
[White "Giardelli, Sergio Carlos"]
[Black "Julia, Ernesto"]
[Result "1/2-1/2"]
[WhiteElo "2378"]
[BlackElo "2367"]
[PlyCount "103"]
[EventDate "2008.08.09"]
[EventType "team-tourn"]
[EventRounds "9"]
[EventCountry "ARG"]
[SourceTitle "EXT 2009"]
[Source "ChessBase"]
[SourceDate "2008.11.26"]
[SourceVersion "1"]
[SourceVersionDate "2008.11.26"]
[SourceQuality "1"]

1. c4 e5 2. g3 Nf6 3. Bg2 c6 4. d4 exd4 5. Qxd4 d5 6. Nc3 Be6 7. cxd5 cxd5 8. Nf3 Nc6 9. Qa4 Be7 10. 0-0 0-0 11. Rd1 Qb6 12. Qb5 Bc5 13. Qxb6 Bxb6 14. Na4 Rfe8 15. Nxb6 axb6 16. Be3 Ra6 17. Nd4 h6 18. a3 Na5 19. b3 Nc6 20. Rdc1 Nxd4 21. Bxd4 Ne4 22. e3 Nd2 23. Rc3 Rea8 24. Rd3 Ne4 25. Bb2 Rc8 26. f3 Nc5 27. Rc3 Raa8 28. Rd1 Rd8 29. Bf1 d4 30. Rxd4 Nxb3 31. Rxd8+ Rxd8 32. Rc2 Rd1 33. Kf2 Kf8 34. Be2 Rb1 35. Be5 Nc5 36. Bd6+ Ke8 37. Bxc5 bxc5 38. Rxc5 Rb2 39. e4 Kd8 40. Rc3 Bd7 41. Ke3 Bc6 42. h4 Ke7 43. f4 Bxe4 44. Rc7+ Kf8 45. Bc4 Bg6 46. g4 f6 47. Bd5 Be8 48. Rxb7 Rh2 49. Rb8 Ke7 50. Rb7+ Kf8 51. Rb8 Ke7 52. Rb7+ 1/2-1/2

[Event "Pinamar Magistral 4th"]
[Site "Pinamar"]
[Date "2006.11.26"]
[Round "8"]
[White "Giardelli, Sergio Carlos"]
[Black "Lemos, Damian"]
[Result "0-1"]
[WhiteElo "2413"]
[BlackElo "2371"]
[PlyCount "84"]
[EventDate "2006.11.20"]
[EventType "tourn"]
[EventRounds "11"]
[EventCountry "ARG"]
[EventCategory "7"]
[SourceTitle "CBM 115 Extra"]
[Source "ChessBase"]
[SourceDate "2007.01.10"]
[SourceVersion "1"]
[SourceVersionDate "2007.01.10"]
[SourceQuality "1"]

1. c4 d6 2. g3 g6 3. Bg2 Bg7 4. Nc3 e5 5. Rb1 f5 6. d3 Nf6 7. Nf3 0-0 8. 0-0 a5 9. a3 h6 10. b4 Nc6 11. b5 Ne7 12. a4 Be6 13. Qc2 b6 14. Nd2 Rc8 15. f4 exf4 16. gxf4 d5 17. c5 d4 18. Nd1 Ned5 19. Nc4 Nh5 20. Qd2 Nc3 21. Nxc3 dxc3 22. Qc2 Bxc4 23. dxc4 Qd4+ 24. Kh1 Qxc5 25. Qd3 Rcd8 26. Bd5+ Kh7 27. Be3 Qe7 28. Bd4 Bxd4 29. Qxd4 Nf6 30. Rbc1 Ng4 31. Qxc3 Qxe2 32. Qg3 Rfe8 33. Bf3 Qd2 34. Bxg4 fxg4 35. f5 gxf5 36. Qxc7+ Rd7 37. Qxb6 Re2 38. Qg1 Qd3 39. Qg3 Qe4+ 40. Kg1 Rdd2 41. Rfe1 Rg2+ 42. Kf1 Qd3+ 0-1

[Event "LNA Puma Cup"]
[Site "Argentina"]
[Date "2006.09.09"]
[Round "2"]
[White "Giardelli, Sergio Carlos"]
[Black "Real de Azua, Ernesto"]
[Result "0-1"]
[WhiteElo "2422"]
[BlackElo "2378"]
[PlyCount "90"]
[EventDate "2006.09.03"]
[EventType "swiss"]
[EventRounds "8"]
[EventCountry "ARG"]
[SourceTitle "EXT 2008"]
[Source "ChessBase"]
[SourceDate "2007.11.25"]
[SourceVersion "1"]
[SourceVersionDate "2007.11.25"]
[SourceQuality "1"]

1. c4 Nf6 2. g3 e6 3. Bg2 d5 4. Nf3 Be7 5. 0-0 0-0 6. b3 c5 7. Bb2 d4 8. e3 Nc6 9. exd4 cxd4 10. Qe2 d3 11. Qe3 Ng4 12. Qe1 Nb4 13. Na3 Bd7 14. h3 Nf6 15. Ne5 Bc6 16. Nxc6 bxc6 17. Qc1 Nd7 18. Bc3 Rb8 19. Bxb4 Bxb4 20. Bxc6 Ne5 21. Bg2 Bc5 22. Nb5 a6 23. Nc3 f5 24. Qe1 Bd4 25. Kh2 f4 26. Qe4 Qd6 27. Rae1 f3 28. Bh1 Rbd8 29. Nd5 Qc5 30. Nf4 Rd6 31. Kg1 g5 32. Nh5 Qa5 33. b4 Qxb4 34. Rb1 Qxd2 35. Rb7 Ng6 36. c5 Bxc5 37. Bxf3 Bb6 38. Kh1 Qc3 39. Rd1 d2 40. Bg4 Bc7 41. f4 gxf4 42. gxf4 Rd4 43. Qg2 Bxf4 44. Bxe6+ Kh8 45. Rg1 Bc7 0-1

[Event "Matinhos Aguas Claras"]
[Site "Matinhos"]
[Date "2006.08.??"]
[Round "1"]
[White "Calcado, Acyr Rogerio"]
[Black "Giardelli, Sergio Carlos"]
[Result "1/2-1/2"]
[WhiteElo "2246"]
[BlackElo "2422"]
[PlyCount "87"]
[EventDate "2006.08.02"]
[EventType "tourn"]
[EventRounds "9"]
[EventCountry "BRA"]
[SourceTitle "EXT 2022"]
[Source "ChessBase"]
[SourceDate "2021.10.06"]
[SourceVersion "1"]
[SourceVersionDate "2021.10.06"]
[SourceQuality "1"]

1. e4 c5 2. Nf3 e6 3. d4 cxd4 4. Nxd4 a6 5. Nc3 Qc7 6. Bd3 Nf6 7. 0-0 d6 8. a4 b6 9. Be3 Bb7 10. Qe2 g6 11. f4 Bg7 12. Nb3 0-0 13. a5 b5 14. Bb6 Qc8 15. e5 Nfd7 16. Ne4 Bxe4 17. Qxe4 Nxb6 18. axb6 d5 19. Qe3 Nd7 20. Na5 Rb8 21. b7 Qc7 22. Qa7 Nc5 23. b4 Nxb7 24. Qxa6 Nxa5 25. Rxa5 Rb6 26. Qa7 Qc6 27. Rfa1 Rc8 28. Ra6 Rxa6 29. Rxa6 Qc3 30. Qd7 Bf8 31. g3 Bxb4 32. Kg2 Rf8 33. Qxb5 Qd2+ 34. Kh3 g5 35. Ra4 Be7 36. Qb7 Bd8 37. fxg5 Bxg5 38. Ra8 Rxa8 39. Qxa8+ Kg7 40. Qa1 Qe3 41. Kg4 Be7 42. Qc3 Bc5 43. Qa1 Bd4 44. Qf1 1/2-1/2

[Event "Matinhos Aguas Claras"]
[Site "Matinhos"]
[Date "2006.08.??"]
[Round "5"]
[White "Matsuura, Everaldo"]
[Black "Giardelli, Sergio Carlos"]
[Result "1/2-1/2"]
[WhiteElo "2445"]
[BlackElo "2422"]
[PlyCount "49"]
[EventDate "2006.08.02"]
[EventType "tourn"]
[EventRounds "9"]
[EventCountry "BRA"]
[SourceTitle "EXT 2022"]
[Source "ChessBase"]
[SourceDate "2021.10.06"]
[SourceVersion "1"]
[SourceVersionDate "2021.10.06"]
[SourceQuality "1"]

1. e4 c5 2. Nf3 e6 3. c3 Nf6 4. e5 Nd5 5. d4 cxd4 6. cxd4 d6 7. Bc4 Be7 8. 0-0 0-0 9. Qe2 b6 10. Bd2 Bb7 11. Nc3 Nxc3 12. Bxc3 Nd7 13. Rad1 Qc7 14. d5 exd5 15. Bxd5 Bxd5 16. Rxd5 dxe5 17. Nxe5 Nf6 18. Rd3 Rad8 19. Rh3 g6 20. Nc6 Qxc6 21. Qxe7 Nd5 22. Qh4 h5 23. Bd4 Qc4 24. b3 Qb4 25. Bf6 1/2-1/2

[Event "Buenos Aires-ch qual"]
[Site "Buenos Aires"]
[Date "2006.03.26"]
[Round "7.8"]
[White "Giardelli, Sergio Carlos"]
[Black "Della Morte, Pablo"]
[Result "1-0"]
[WhiteElo "2418"]
[BlackElo "2300"]
[PlyCount "87"]
[EventDate "2006.03.21"]
[EventType "swiss"]
[EventRounds "9"]
[EventCountry "ARG"]
[SourceTitle "CBM 111 Extra"]
[Source "ChessBase"]
[SourceDate "2006.05.09"]
[SourceVersion "1"]
[SourceVersionDate "2006.05.09"]
[SourceQuality "1"]

1. c4 e5 2. g3 Nf6 3. Bg2 d5 4. cxd5 Nxd5 5. Nc3 Nb6 6. Nf3 Nc6 7. 0-0 Be7 8. a3 0-0 9. b4 Be6 10. d3 a5 11. b5 Nd4 12. Nd2 c6 13. bxc6 bxc6 14. e3 Nb5 15. Nxb5 cxb5 16. Bxa8 Qxa8 17. Qf3 Bd5 18. e4 Bc6 19. Bb2 f6 20. d4 Na4 21. Qb3+ Kh8 22. d5 Bd7 23. Rac1 Qa7 24. Kg2 Bd6 25. Ba1 Qb8 26. Qe3 g5 27. Rc2 Bc7 28. Qd3 Bb6 29. f4 gxf4 30. gxf4 Rg8+ 31. Kh1 Nc5 32. Qf3 Bg4 33. Qg3 Bf5 34. Qh4 Nxe4 35. fxe5 Rg4 36. exf6 Kg8 37. f7+ Kf8 38. Qh6+ Ke7 39. d6+ Nxd6 40. Qf6+ Kd7 41. Nf3 Qb7 42. Rff2 Bd8 43. Qxd6+ Kxd6 44. f8Q+ 1-0

[Event "ARG-chT Magistral"]
[Site "Buenos Aires"]
[Date "2005.06.07"]
[Round "5"]
[White "Diaz Hollemaert, Nahuel Carlos"]
[Black "Giardelli, Sergio Carlos"]
[Result "1-0"]
[WhiteElo "2418"]
[BlackElo "2416"]
[PlyCount "75"]
[EventDate "2005.05.24"]
[EventType "team"]
[EventRounds "7"]
[EventCountry "ARG"]
[SourceTitle "CBM 106 Extra"]
[Source "ChessBase"]
[SourceDate "2005.07.01"]
[SourceVersion "1"]
[SourceVersionDate "2005.07.01"]
[SourceQuality "1"]

1. d4 Nf6 2. c4 e6 3. Nc3 Bb4 4. Qc2 c5 5. dxc5 Bxc5 6. Nf3 0-0 7. Bg5 a6 8. e3 Be7 9. Be2 Qc7 10. 0-0 b6 11. Ne4 Bb7 12. Nxf6+ gxf6 13. Bh4 b5 14. Rac1 bxc4 15. Bxc4 d5 16. Qxh7+ Kxh7 17. Bd3+ f5 18. Rxc7 Bxh4 19. Rxb7 Bf6 20. Rc1 Kg8 21. b4 a5 22. b5 a4 23. Rcc7 a3 24. Bc2 Bd8 25. Rc5 Kg7 26. Ne5 Ba5 27. f4 Bd2 28. Kf2 d4 29. Rcc7 Bxe3+ 30. Kf3 d3 31. Bxd3 Bd4 32. Rxf7+ Rxf7 33. Rxf7+ Kg8 34. Rb7 Bxe5 35. fxe5 Kf8 36. h4 Ke8 37. b6 Kd8 38. Ra7 1-0

[Event "Olavarria Magistral op 5th"]
[Site "Olavarria"]
[Date "2005.02.26"]
[Round "6"]
[White "Giardelli, Sergio Carlos"]
[Black "Bronstein, Luis Marcos"]
[Result "1/2-1/2"]
[WhiteElo "2428"]
[BlackElo "2357"]
[PlyCount "80"]
[EventDate "2005.02.24"]
[EventType "swiss"]
[EventRounds "7"]
[EventCountry "ARG"]
[SourceTitle "CBM 105 Extra"]
[Source "ChessBase"]
[SourceDate "2005.05.01"]
[SourceVersion "1"]
[SourceVersionDate "2005.05.01"]
[SourceQuality "1"]

1. c4 e6 2. Nf3 Nf6 3. g3 d5 4. b3 c5 5. Bb2 Nc6 6. e3 Be7 7. Bg2 d4 8. exd4 cxd4 9. 0-0 0-0 10. Qe2 d3 11. Qe3 Ng4 12. Qe1 Nb4 13. Na3 Bf6 14. Bxf6 Nxf6 15. Qe5 Bd7 16. Nb5 Bc6 17. Nbd4 Ng4 18. Qf4 e5 19. Nxe5 Nxe5 20. Qxe5 Bxg2 21. Kxg2 Re8 22. Qf4 g5 23. Qg4 h5 24. Qxh5 Qxd4 25. Qxg5+ Qg7 26. Qb5 Nc2 27. Rac1 Re2 28. Qxb7 Rae8 29. Qf3 Rxd2 30. Rcd1 Rxd1 31. Rxd1 Qd4 32. Qf5 Re6 33. Kg1 Rf6 34. Qg5+ Kf8 35. Qd2 Re6 36. h4 Re2 37. Qh6+ Kg8 38. Qg5+ Kf8 39. Qh6+ Ke7 40. Qg5+ Kf8 1/2-1/2